Statistics for Musicals! - By Their Opening Numbers

Click here to take the quiz!

General Stats

  • This quiz has been taken 118 times
    (111 since last reset)
  • The average score is 9 of 17

Answer Stats

QuestionAnswer% Correct
No One Mourns the WickedWicked
93%
Anybody Have a MapDear Evan Hansen
74%
BeautifulHeathers
74%
Road to HellHadestown
68%
TraditionFiddler on the Roof
67%
WilkommenCabaret
64%
HelloThe Book of Mormon
63%
More Than SurviveBe More Chill
52%
Heaven On Their MindsJesus Christ Superstar
50%
MiracleMatilda
49%
Welcome to the RenaissanceSomething Rotten
49%
InvisibleBeetlejuice
48%
Laughter is the Best MedicineThe Grinning Man
40%
I Don't KnowGhost Quartet
36%
OlimThe Hunchback of Notre Dame
25%
Too Much ExpositionUrinetown
24%
The Flight of the Blue FlyAmelie
14%

Score Distribution

Percentile by Number Answered

Percent of People with Each Score

Your Score History

You have not taken this quiz since the last reset